[Event "Thüringenliga 2013/2014"]
[Site "?"]
[Date "2014.04.13"]
[Round "9"]
[White "Berner, Stephan"]
[Black "Römer, Norbert"]
[Result "0-1"]
[WhiteElo "1875"]
[BlackElo "1862"]
[PlyCount "44"]
[EventDate "2014.??.??"]

1. Nc3 c5 2. e4 g6 3. f4 Bg7 4. Nf3 e6 5. Bc4 Nc6 6. d3 Nge7 7. O-O Nd4 8. Nxd4
cxd4 9. Ne2 d5 10. Bb3 O-O 11. Ng3 Qb6 12. Kh1 dxe4 13. dxe4 Qc5 14. e5 b5 15.
Ne4 Qb6 16. Bd2 Rd8 17. Qe1 a5 18. a4 b4 19. Qh4 Nf5 20. Nf6+ Bxf6 21. Qxf6 Bb7
22. Bc4 Qc6 0-1

[Event "Thüringenliga 2013/2014"]
[Site "?"]
[Date "2014.04.13"]
[Round "9"]
[White "Carnot, Luca"]
[Black "Schmidt, Daniel"]
[Result "1/2-1/2"]
[WhiteElo "1606"]
[BlackElo "1644"]
[PlyCount "34"]
[EventDate "2014.??.??"]

1. Nf3 c5 2. g3 Nc6 3. Bg2 g6 4. d3 Bg7 5. c3 e6 6. e4 Nge7 7. Nbd2 O-O 8. O-O
d5 9. Qe2 b6 10. Ne1 Ba6 11. Rb1 Rc8 12. f4 dxe4 13. Nxe4 Qc7 14. a3 Rfd8 15.
b4 cxb4 16. axb4 Bb7 17. Bd2 Nb8 1/2-1/2

[Event "Thüringenliga 2013/2014"]
[Site "?"]
[Date "2014.04.13"]
[Round "9"]
[White "Henzgen, Nick"]
[Black "Dittrich, Tom"]
[Result "0-1"]
[WhiteElo "1205"]
[BlackElo "1559"]
[PlyCount "70"]
[EventDate "2014.??.??"]

1. d4 Nf6 2. Nf3 g6 3. Nc3 Bg7 4. e4 d6 5. g3 Nbd7 6. Bg2 e5 7. dxe5 dxe5 8.
O-O O-O 9. Be3 c6 10. Qd2 Qe7 11. Bh6 Nc5 12. Rfe1 Rd8 13. Qe3 Ng4 14. Bg5 f6
15. Bxf6 Nxf6 16. b4 Ncd7 17. a3 Rf8 18. Rad1 Nb6 19. Nd2 Ng4 20. Qe2 Rxf2 21.
Qd3 Rf8 22. Ne2 Nf2 23. Qb3+ Be6 24. Qb1 Nxd1 25. Qxd1 Rad8 26. Qc1 Bh6 27. Rd1
Nc4 28. Qa1 Rxd2 29. Rxd2 Bxd2 30. Nc3 Qf6 31. Na4 Qf2+ 32. Kh1 Ne3 33. Bh3
Bxh3 34. Qg1 Qxg1+ 35. Kxg1 Rf1# 0-1

[Event "Thüringenliga 2013/2014"]
[Site "?"]
[Date "2014.01.12"]
[Round "5"]
[White "Siebarth, Raiko"]
[Black "Darr, Sascha"]
[Result "1-0"]
[WhiteElo "2249"]
[BlackElo "2077"]
[PlyCount "99"]
[EventDate "2014.??.??"]
[WhiteTeam "SG Blau-Weiß Stadtilm"]
[BlackTeam "SV Jenapharm Jena"]

1. d4 Nf6 2. c4 g6 3. Nc3 Bg7 4. g3 O-O 5. Bg2 d6 6. e3 Nc6 7. Nge2 Rb8 8. O-O
Bd7 9. Bd2 a6 10. Nd5 e5 11. Nxf6+ Bxf6 12. d5 Ne7 13. Rc1 c5 14. dxc6 bxc6 15.
Bc3 Be6 16. Qa4 Bg7 17. Rfd1 d5 18. cxd5 cxd5 19. Qa3 Qd7 20. Rd2 Rfe8 21. Rcd1
Qb5 22. Ba5 Nc6 23. Bc7 Rbc8 24. Nc3 Qb7 25. Bd6 d4 26. Ne4 Bf5 27. Nc5 Qb4 28.
Qxb4 Nxb4 29. a3 Nc6 30. Nxa6 Na5 31. e4 Be6 32. Nc7 Red8 33. Nxe6 Rxd6 34.
Nxg7 Nb3 35. Nf5 gxf5 36. Re2 fxe4 37. Bxe4 Rb8 38. Rc2 Rb5 39. Rc8+ Kg7 40.
Bd3 Rc5 41. Re8 Rc1 42. Rf1 Rxf1+ 43. Kxf1 Nc1 44. Be4 d3 45. Ke1 Kf6 46. Kd1
Nb3 47. Rc8 Rd4 48. f3 Na5 49. Rc3 d2 50. Bd3 1-0

[Event "Thüringenliga 2013/2014"]
[Site "?"]
[Date "2014.01.12"]
[Round "5"]
[White "Middelhoff, Cornelius"]
[Black "Schneider, Christian"]
[Result "1/2-1/2"]
[WhiteElo "2052"]
[BlackElo "2179"]
[PlyCount "54"]
[EventDate "2014.??.??"]
[WhiteTeam "SV Jenapharm Jena"]
[BlackTeam "SG Blau-Weiß Stadtilm"]

1. d4 Nf6 2. c4 e6 3. g3 Bb4+ 4. Bd2 Qe7 5. Nf3 b6 6. Bg2 Bb7 7. O-O Bxd2 8.
Nbxd2 O-O 9. Re1 d6 10. e4 e5 11. d5 a5 12. b3 Na6 13. a3 g6 14. Nb1 Nc5 15.
Nc3 Kg7 16. Qc2 Nh5 17. Nh4 Bc8 18. b4 Na6 19. Rab1 Bb7 20. Qd2 h6 21. Qe2 Kh7
22. Qc2 Rg8 23. Nd1 Raf8 24. Ne3 Qg5 25. Nf3 Qe7 26. Nh4 Qg5 27. Nf3 Qe7
1/2-1/2

[Event "Thüringenliga 2013/2014"]
[Site "?"]
[Date "2014.01.12"]
[Round "5"]
[White "Siebarth, Marco"]
[Black "Zipfel, Frank"]
[Result "1/2-1/2"]
[WhiteElo "1953"]
[BlackElo "2034"]
[PlyCount "77"]
[EventDate "2014.??.??"]
[WhiteTeam "SG Blau-Weiß Stadtilm"]
[BlackTeam "SV Jenapharm Jena"]

1. e4 d5 2. exd5 Qxd5 3. Nc3 Qa5 4. d4 Nf6 5. Bc4 c6 6. Bd2 Qc7 7. Nf3 Bf5 8.
Ne5 e6 9. Qe2 Nbd7 10. Bb3 Nxe5 11. dxe5 Nd7 12. f4 O-O-O 13. Ne4 Be7 14. O-O-O
Bxe4 15. Qxe4 Nc5 16. Qf3 Rd7 17. Bb4 Nxb3+ 18. Qxb3 Bxb4 19. Qxb4 Rhd8 20. Qc5
b6 21. Qe3 Rd5 22. c4 Rxd1+ 23. Rxd1 Rxd1+ 24. Kxd1 Qd8+ 25. Qd2 Qe7 26. g3 Qc5
27. b3 g6 28. Ke2 h5 29. h4 a5 30. Qe3 Qb4 31. a4 Kc7 32. Qd3 Qa3 33. Kf3 Qc5
34. Qe3 Qe7 35. Qd4 Qb4 36. Qd3 Qc5 37. Qe3 Qb4 38. Qd3 Qc5 39. Qe3 1/2-1/2

[Event "Thüringenliga 2013/2014"]
[Site "?"]
[Date "2014.01.12"]
[Round "5"]
[White "Mucha, Annegret"]
[Black "George, Tom"]
[Result "1-0"]
[WhiteElo "1986"]
[BlackElo "1831"]
[PlyCount "159"]
[EventDate "2014.??.??"]
[WhiteTeam "SV Jenapharm Jena"]
[BlackTeam "SG Blau-Weiß Stadtilm"]

1. e4 c5 2. Nf3 d6 3. d4 cxd4 4. Nxd4 Nf6 5. Nc3 a6 6. Be2 Qc7 7. Be3 e6 8. O-O
b5 9. a3 Bb7 10. Bd3 Nbd7 11. Nde2 Ne5 12. Ng3 Be7 13. Bd4 Nc6 14. Be3 Ne5 15.
Bd4 Nc4 16. Bxc4 Qxc4 17. Qd3 Rc8 18. Rad1 O-O 19. f4 d5 20. e5 Ne4 21. Qxc4
Rxc4 22. Ncxe4 dxe4 23. c3 f5 24. exf6 gxf6 25. f5 e5 26. Be3 Bc6 27. Rfe1 Kf7
28. Ne2 Bc5 29. Bxc5 Rxc5 30. Ng3 Rc4 31. Re3 Ke7 32. Nf1 Bd7 33. Nd2 Rc7 34.
Rf1 Bc6 35. Nxe4 Bxe4 36. Rxe4 Rd8 37. Kf2 Rcd7 38. Rfe1 Kf7 39. Rg4 Rd2+ 40.
Re2 Rd1 41. c4 R8d3 42. cxb5 axb5 43. Rb4 Rd5 44. a4 bxa4 45. Rxa4 Kg7 46. Ra6
R5d4 47. g3 h5 48. h4 R1d3 49. Ra3 Rd1 50. Rc3 Rd5 51. Rec2 Kf7 52. Rc7+ Ke8
53. Rb7 Kd8 54. Rb6 Rd6 55. Rxd6+ Rxd6 56. Ke3 Ke7 57. Rd2 Rb6 58. Kd3 Rb3+ 59.
Kc4 Rxg3 60. b4 Rg4+ 61. Kc5 Rxh4 62. b5 Rh1 63. b6 Rc1+ 64. Kb5 Rb1+ 65. Kc6
Rc1+ 66. Kb7 h4 67. Kb8 h3 68. b7 e4 69. Rb2 e3 70. Ka7 Rc7 71. Kb6 Rxb7+ 72.
Kxb7 Kd6 73. Re2 Ke5 74. Rxe3+ Kxf5 75. Rxh3 Kg4 76. Rb3 f5 77. Kc6 f4 78. Kd5
f3 79. Ke4 f2 80. Rf3 1-0

[Event "Thüringenliga 2013/2014"]
[Site "?"]
[Date "2014.01.12"]
[Round "5"]
[White "Berner, Stephan"]
[Black "August, Daniel"]
[Result "1/2-1/2"]
[WhiteElo "1875"]
[BlackElo "1957"]
[PlyCount "36"]
[EventDate "2014.??.??"]
[WhiteTeam "SG Blau-Weiß Stadtilm"]
[BlackTeam "SV Jenapharm Jena"]

1. e4 d6 2. d4 Nf6 3. Nc3 e5 4. Nf3 exd4 5. Nxd4 Be7 6. Bc4 O-O 7. O-O Nxe4 8.
Nxe4 d5 9. Bd3 dxe4 10. Bxe4 Re8 11. Be3 Bd6 12. Bf3 Nd7 13. Nb5 Ne5 14. Nxd6
Nxf3+ 15. Qxf3 Qxd6 16. c3 Qg6 17. Bf4 c6 18. Rfe1 Be6 1/2-1/2

[Event "Thüringenliga 2013/2014"]
[Site "?"]
[Date "2014.01.12"]
[Round "5"]
[White "Wolf, Isaak"]
[Black "Schröter, Maik"]
[Result "0-1"]
[WhiteElo "1972"]
[BlackElo "1746"]
[PlyCount "62"]
[EventDate "2014.??.??"]
[WhiteTeam "SV Jenapharm Jena"]
[BlackTeam "SG Blau-Weiß Stadtilm"]

1. e4 d5 2. exd5 Qxd5 3. Nc3 Qa5 4. d4 c6 5. Nf3 Bg4 6. Be2 e6 7. Ne5 Bxe2 8.
Qxe2 Nf6 9. Bd2 Qc7 10. f4 Nbd7 11. f5 Nxe5 12. Bf4 Nd3+ 13. cxd3 Qxf4 14. fxe6
Qxd4 15. O-O-O Bc5 16. exf7+ Kxf7 17. Qc2 Rhe8 18. Qb3+ Kg6 19. g4 a5 20. g5
Nd5 21. h4 h6 22. gxh6 Kxh6 23. Ne4 Rxe4 24. dxe4 Qxe4 25. Qd3 Re8 26. Qxe4
Rxe4 27. Rd3 Kh5 28. Rg3 Bd4 29. Rg5+ Kh6 30. Rf5 Bf6 31. h5 Re5 0-1

[Event "Thüringenliga 2013/2014"]
[Site "?"]
[Date "2014.01.12"]
[Round "5"]
[White "Schmidt, Daniel"]
[Black "Mißbach, Bernd"]
[Result "0-1"]
[WhiteElo "1694"]
[BlackElo "1896"]
[PlyCount "82"]
[EventDate "2014.??.??"]
[WhiteTeam "SG Blau-Weiß Stadtilm"]
[BlackTeam "SV Jenapharm Jena"]

1. d4 g6 2. c4 Bg7 3. Nc3 c5 4. d5 d6 5. e4 Na6 6. Bd3 Bd7 7. f4 Rb8 8. Nf3 Nc7
9. a4 b6 10. O-O a6 11. Qc2 Nh6 12. h3 f5 13. e5 O-O 14. e6 Be8 15. Nh2 b5 16.
axb5 axb5 17. g4 bxc4 18. Bxc4 fxg4 19. hxg4 Nb5 20. Nxb5 Bxb5 21. Bxb5 Rxb5
22. Rb1 Qb6 23. Kh1 Rb4 24. b3 c4 25. Bd2 Rxb3 26. Rxb3 cxb3 27. Qd3 Qd4 28.
Qxd4 Bxd4 29. Kg2 Rc8 30. Kf3 Rc2 31. Rd1 Bc3 32. Nf1 Bxd2 33. Nxd2 Rc3+ 34.
Kg2 Nxg4 35. Nf1 b2 36. Rb1 Nf6 37. Rxb2 Nxd5 38. Rf2 Ne3+ 39. Nxe3 Rxe3 40. f5
gxf5 41. Rxf5 Rxe6 0-1

[Event "Thüringenliga 2013/2014"]
[Site "?"]
[Date "2014.01.12"]
[Round "5"]
[White "Böhm, Christian"]
[Black "Werner, Justus"]
[Result "1-0"]
[WhiteElo "1863"]
[BlackElo "1817"]
[PlyCount "61"]
[EventDate "2014.??.??"]
[WhiteTeam "SV Jenapharm Jena"]
[BlackTeam "SG Blau-Weiß Stadtilm"]

1. Nf3 d5 2. g3 Nf6 3. Bg2 e6 4. O-O c5 5. d3 Nc6 6. Nbd2 Be7 7. e4 O-O 8. Re1
Qc7 9. e5 Nd7 10. Qe2 Rd8 11. Nf1 b6 12. h4 Ba6 13. c3 b5 14. Bf4 b4 15. Bh3
bxc3 16. bxc3 Rab8 17. N1h2 Qb6 18. Ng5 Bxg5 19. hxg5 Qb2 20. Qh5 Bxd3 21. Ng4
Bg6 22. Qh4 Qxc3 23. Rac1 Qa5 24. Nf6+ Kh8 25. Kg2 Nf8 26. Bg4 Rb2 27. Rh1 Qxa2
28. Rcf1 Ne7 29. Bh5 Qc4 30. Bxg6 Nexg6 31. Qxh7+ 1-0

[Event "Landesklasse Ost 2011/2012"]
[Site "?"]
[Date "2011.11.13"]
[Round "3"]
[White "Gläßl, Matthias"]
[Black "Liebisch, Dieter"]
[Result "1-0"]
[WhiteElo "2049"]
[BlackElo "1963"]
[PlyCount "93"]
[EventDate "2011.??.??"]
[WhiteTeam "ESV Gera"]
[BlackTeam "MTV 1876 Saalfeld"]

1. e4 Nf6 2. Nc3 d5 3. exd5 Nxd5 4. Bc4 Nb6 5. Bb3 Nc6 6. Qf3 e6 7. Nge2 Bd7 8.
d3 Qf6 9. Qg3 O-O-O 10. Bg5 Qf5 11. Bxd8 Bd6 12. Qg5 Nxd8 13. Qxf5 exf5 14. O-O
g5 15. a4 a5 16. Nb5 Be5 17. d4 Bf6 18. c3 h5 19. f4 g4 20. d5 h4 21. Ned4 Rh7
22. Rad1 c6 23. dxc6 bxc6 24. Nd6+ Kc7 25. N6xf5 Nb7 26. Bc2 Rh5 27. Ne3 Nc5
28. b3 g3 29. h3 Nd5 30. Nxd5+ Rxd5 31. Nb5+ Kb6 32. Rxd5 cxd5 33. Nd4 Ne4 34.
Bxe4 dxe4 35. Re1 Bxd4+ 36. cxd4 Bc6 37. Rc1 Bd7 38. Rc5 e3 39. Re5 Be6 40.
Rxe3 Kc6 41. Rc3+ Kb6 42. Rc5 Bd7 43. Rh5 f5 44. Rxh4 Kc6 45. Rh7 Be6 46. Rh6
Kd5 47. Rxe6 1-0

[Event "Landesklasse Ost 2011/2012"]
[Site "?"]
[Date "2011.11.13"]
[Round "3"]
[White "Petzold, Thomas"]
[Black "Puschendorf, Steffen"]
[Result "1-0"]
[WhiteElo "1886"]
[BlackElo "2077"]
[PlyCount "95"]
[EventDate "2011.??.??"]
[WhiteTeam "MTV 1876 Saalfeld"]
[BlackTeam "ESV Gera"]

1. Nf3 g6 2. c4 Bg7 3. d4 Nf6 4. Nc3 O-O 5. e4 d6 6. g3 Nbd7 7. Bg2 e5 8. O-O
exd4 9. Nxd4 Re8 10. Bg5 h6 11. Be3 Nc5 12. f3 a5 13. Qd2 Kh7 14. Rad1 Nfd7 15.
h3 Nb6 16. b3 Bd7 17. Nd5 Nxd5 18. cxd5 f5 19. exf5 gxf5 20. Rfe1 Qf6 21. Qc2
Qg6 22. Kh2 Re7 23. Bf2 Rae8 24. Rxe7 Rxe7 25. a3 Be5 26. f4 Bf6 27. Ne6 Nxe6
28. dxe6 Bxe6 29. Bxb7 Qf7 30. Bd5 Kg7 31. Bxe6 Qxe6 32. Re1 Qd7 33. Rxe7+ Qxe7
34. Qxf5 Qe2 35. Qg4+ Qxg4 36. hxg4 Bc3 37. Kg2 Kf6 38. Kf3 Ke6 39. Ke4 a4 40.
bxa4 d5+ 41. Kd3 Ba5 42. Bc5 Be1 43. Bf8 Bxg3 44. Bxh6 c5 45. f5+ Kf6 46. a5
Bf2 47. Be3 c4+ 48. Kd4 1-0

[Event "Landesklasse Ost 2011/2012"]
[Site "?"]
[Date "2011.11.13"]
[Round "3"]
[White "Schmidt, Frank"]
[Black "Krämer, Alexander"]
[Result "1/2-1/2"]
[WhiteElo "1937"]
[BlackElo "1881"]
[PlyCount "90"]
[EventDate "2011.??.??"]
[WhiteTeam "ESV Gera"]
[BlackTeam "MTV 1876 Saalfeld"]

1. d4 d5 2. c4 e6 3. Nc3 Nf6 4. Bg5 Nbd7 5. e3 Be7 6. Nf3 O-O 7. Qc2 Re8 8.
O-O-O Nf8 9. Kb1 c6 10. h4 Bd7 11. Ne5 dxc4 12. Bxf6 gxf6 13. Nxd7 Qxd7 14.
Bxc4 Bd8 15. Qe2 Qe7 16. Qh5 Kh8 17. Rh3 Bc7 18. f4 Nd7 19. Ne4 Rg8 20. g4 Rg7
21. g5 f5 22. Nc3 Nb6 23. Bb3 Nd5 24. Bxd5 cxd5 25. Qe2 Ba5 26. Rd3 Rc8 27. Qc2
b5 28. Qb3 a6 29. Rh1 Rgg8 30. Rc1 Rc4 31. Rdd1 Rgc8 32. Ne2 R8c6 33. Qd3 Qc7
34. b3 Rxc1+ 35. Rxc1 Rxc1+ 36. Nxc1 Be1 37. Qc2 Qxc2+ 38. Kxc2 Bxh4 39. Nd3 f6
40. gxf6 Kg8 41. Kd2 Kf7 42. Nc5 a5 43. Nb7 b4 44. Nxa5 Bxf6 45. Ke2 Be7
1/2-1/2

[Event "Landesklasse Ost 2011/2012"]
[Site "?"]
[Date "2011.11.13"]
[Round "3"]
[White "Böhl, Dietmar"]
[Black "Hoffmann, Tim"]
[Result "0-1"]
[WhiteElo "1851"]
[BlackElo "1762"]
[PlyCount "120"]
[EventDate "2011.??.??"]
[WhiteTeam "MTV 1876 Saalfeld"]
[BlackTeam "ESV Gera"]

1. e4 c5 2. Nf3 e6 3. d4 cxd4 4. Nxd4 a6 5. Bd3 Qc7 6. O-O Nf6 7. Qe2 d6 8. c4
Be7 9. Nc3 Nbd7 10. Be3 Ne5 11. Rac1 Nxd3 12. Qxd3 Ng4 13. Nf3 Nxe3 14. Qxe3
Bd7 15. Rfe1 O-O 16. b3 Rfd8 17. Kh1 Rac8 18. Ng1 Qc5 19. Qg3 Qg5 20. f4 Qxg3
21. hxg3 b5 22. cxb5 axb5 23. Nf3 b4 24. Na4 Bxa4 25. bxa4 Rc5 26. Nd4 Rdc8 27.
Nb3 Rc3 28. a5 Bd8 29. Kg1 Kf8 30. Kf2 Ke8 31. Red1 Rxc1 32. Rxc1 Rxc1 33. Nxc1
Bxa5 34. Ke2 Kd7 35. Kd3 Kc6 36. Kc4 d5+ 37. exd5+ exd5+ 38. Kb3 Kb5 39. Nd3 f5
40. Ne5 Bd8 41. g4 fxg4 42. Nxg4 Bf6 43. Nf2 Be7 44. Nd3 h5 45. f5 Bd6 46. Nf2
Kc5 47. Nd3+ Kd4 48. Nxb4 Bxb4 49. Kxb4 Ke3 50. a4 d4 51. a5 d3 52. a6 d2 53.
a7 d1=Q 54. a8=Q Qb1+ 55. Kc3 Qd3+ 56. Kb2 Qb5+ 57. Kc3 Qd3+ 58. Kb2 Qxf5 59.
Qa7+ Kf4 60. Qxg7 Qe5+ 0-1

[Event "Landesklasse Ost 2011/2012"]
[Site "?"]
[Date "2011.11.13"]
[Round "3"]
[White "Senf, Paul"]
[Black "Wagner, Ronald"]
[Result "1-0"]
[WhiteElo "1674"]
[BlackElo "1761"]
[PlyCount "49"]
[EventDate "2011.??.??"]
[WhiteTeam "ESV Gera"]
[BlackTeam "MTV 1876 Saalfeld"]

1. e4 c5 2. Nf3 e6 3. d4 cxd4 4. Nxd4 a6 5. Nc3 Qc7 6. a3 b5 7. Bd3 Bb7 8. O-O
Nf6 9. Qe2 d6 10. Kh1 Nbd7 11. f4 Be7 12. f5 e5 13. Nb3 O-O 14. Rf3 d5 15. Rg3
Kh8 16. Bg5 d4 17. Nd1 Rac8 18. Nf2 Nb6 19. Bxf6 Bxf6 20. Qh5 Nc4 21. Rh3 h6
22. Ng4 Bg5 23. Qxg5 Qd6 24. f6 Rg8 25. Rxh6+ 1-0

[Event "Landesklasse Ost 2011/2012"]
[Site "?"]
[Date "2011.11.13"]
[Round "3"]
[White "Müller, Robert"]
[Black "Hilbig, Dieter"]
[Result "1-0"]
[WhiteElo "1726"]
[BlackElo "1850"]
[PlyCount "55"]
[EventDate "2011.??.??"]
[WhiteTeam "MTV 1876 Saalfeld"]
[BlackTeam "ESV Gera"]

1. e4 c5 2. Nc3 d6 3. f4 Nc6 4. Nf3 g6 5. Bc4 Bg7 6. O-O Nf6 7. d3 O-O 8. Nd5
Na5 9. Nxf6+ Bxf6 10. Bb3 Nxb3 11. axb3 Qc7 12. c3 Bg7 13. Be3 f5 14. b4 fxe4
15. dxe4 c4 16. Ng5 e6 17. Qd2 Rd8 18. Rfd1 b6 19. f5 d5 20. fxe6 Bb7 21. Qf2
dxe4 22. Qh4 Bf6 23. Qg4 h5 24. Qf4 Be5 25. Rxd8+ Rxd8 26. Qf7+ Qxf7 27. exf7+
Kh8 28. Ne6 1-0

[Event "Landesklasse Ost 2011/2012"]
[Site "?"]
[Date "2011.11.13"]
[Round "3"]
[White "Kupper, Matthias"]
[Black "Mock, Jens-Uwe"]
[Result "1-0"]
[WhiteElo "1746"]
[BlackElo "1416"]
[PlyCount "57"]
[EventDate "2011.??.??"]
[WhiteTeam "ESV Gera"]
[BlackTeam "MTV 1876 Saalfeld"]

1. e4 e6 2. d4 d6 3. Nf3 b6 4. Nc3 Bb7 5. Bd3 Nd7 6. O-O Be7 7. Re1 Ngf6 8. e5
Nd5 9. Ne4 h6 10. a3 Bf8 11. c4 Ne7 12. exd6 Nf5 13. dxc7 Qxc7 14. d5 O-O-O 15.
Nc3 Nd6 16. Bf4 g5 17. dxe6 Nc5 18. Nb5 Bxf3 19. Qxf3 Qb7 20. e7 Qxf3 21.
exd8=Q+ Kxd8 22. gxf3 Nxb5 23. Bxg5+ hxg5 24. cxb5 Bg7 25. Rab1 Nb3 26. Bc4 Nd4
27. Rbd1 f5 28. Kg2 Rf8 29. Rxd4+ 1-0

[Event "Landesklasse Ost 2011/2012"]
[Site "?"]
[Date "2011.11.13"]
[Round "3"]
[White "Kania, Markus"]
[Black "Kirschner, Torsten"]
[Result "1-0"]
[WhiteElo "1503"]
[BlackElo "1624"]
[PlyCount "69"]
[EventDate "2011.??.??"]
[WhiteTeam "MTV 1876 Saalfeld"]
[BlackTeam "ESV Gera"]

1. c4 Nf6 2. Nc3 g6 3. g3 Bg7 4. Bg2 O-O 5. e3 d6 6. Nge2 c6 7. O-O e5 8. d4
Qc7 9. b3 a5 10. Ba3 Nh5 11. dxe5 Bxe5 12. f4 Bxc3 13. Nxc3 Qb6 14. Re1 Na6 15.
Na4 Qa7 16. Qxd6 Be6 17. Qe5 Rfe8 18. Qxa5 Bg4 19. Qb6 Qb8 20. h3 Qc8 21. hxg4
Qxg4 22. Qxb7 Nxg3 23. Qxc6 Ne4 24. c5 Rad8 25. Qxa6 Rd2 26. Qf1 Rf2 27. Qxf2
Nxf2 28. Kxf2 h5 29. Rh1 Rd8 30. Bb4 h4 31. Bf3 Qf5 32. Rxh4 Qc2+ 33. Be2 Rd7
34. Rah1 Kf8 35. c6+ 1-0

[Event "Landesklasse West 2011/2012"]
[Site "?"]
[Date "2011.01.15"]
[Round "5"]
[White "Mehlhorn, Uwe"]
[Black "Geißhirt, Marco"]
[Result "1-0"]
[WhiteElo "2053"]
[BlackElo "1839"]
[PlyCount "57"]
[EventDate "2011.??.??"]
[WhiteTeam "Ilmenauer SV"]
[BlackTeam "SG Barchfeld/Breitungen"]

1. d4 d5 2. Nf3 c6 3. e3 Nf6 4. Bd3 e6 5. O-O Be7 6. Nbd2 O-O 7. e4 dxe4 8.
Nxe4 Nbd7 9. c3 Nxe4 10. Bxe4 Nf6 11. Bc2 c5 12. Bf4 Qb6 13. Qe2 Rd8 14. Rfd1
Bd7 15. d5 Bf8 16. d6 Bc6 17. Be5 Rd7 18. Ng5 h6 19. Qd3 c4 20. Qh3 Qc5 21. Re1
Bxd6 22. Bxf6 gxf6 23. Nh7 Be5 24. Qxh6 f5 25. Re3 Bg7 26. Rg3 Qe5 27. Nf6+ Kf8
28. Qxg7+ Ke7 29. Ng8+ 1-0

[Event "Landesklasse West 2011/2012"]
[Site "?"]
[Date "2011.01.15"]
[Round "5"]
[White "Kaiser, Andre"]
[Black "Töpfer, Albrecht"]
[Result "0-1"]
[WhiteElo "1814"]
[BlackElo "1851"]
[PlyCount "56"]
[EventDate "2011.??.??"]
[WhiteTeam "SG Barchfeld/Breitungen"]
[BlackTeam "Ilmenauer SV"]

1. e4 c5 2. Nf3 d6 3. d4 cxd4 4. Nxd4 Nf6 5. Nc3 g6 6. Be3 Bg7 7. f3 O-O 8. Qd2
Nc6 9. Bc4 Bd7 10. h4 h5 11. O-O-O Rc8 12. Bb3 Ne5 13. Bg5 Rc5 14. Kb1 b5 15.
g4 hxg4 16. h5 gxh5 17. Bxf6 Bxf6 18. Nd5 e6 19. Qh6 exd5 20. Rxh5 Re8 21. f4
Ng6 22. Nf5 Bxf5 23. exf5 Nxf4 24. Qxf4 Re4 25. Qh6 Qe7 26. c3 b4 27. Bxd5 Rxd5
28. Rxd5 Re1+ 0-1

[Event "Landesklasse West 2011/2012"]
[Site "?"]
[Date "2011.01.15"]
[Round "5"]
[White "Reum, Lutz"]
[Black "Sukaylo, Aleksey"]
[Result "0-1"]
[WhiteElo "1859"]
[BlackElo "1914"]
[PlyCount "94"]
[EventDate "2011.??.??"]
[WhiteTeam "SG Barchfeld/Breitungen"]
[BlackTeam "Ilmenauer SV"]

1. d4 f5 2. e4 fxe4 3. Nc3 Nf6 4. Bg5 e6 5. Bxf6 Qxf6 6. Nxe4 Qg6 7. Ng3 Bd6 8.
Bd3 Qh6 9. Qe2 Bxg3 10. fxg3 O-O 11. Nf3 Nc6 12. c3 b6 13. O-O Bb7 14. Be4 Rad8
15. Rae1 Rf6 16. Ne5 Nxe5 17. Rxf6 gxf6 18. Bxb7 Nf7 19. Ba6 Nd6 20. Bd3 Qg5
21. Rf1 Rf8 22. Rf4 f5 23. Bc2 b5 24. Bd3 Rb8 25. b4 a6 26. Qe3 a5 27. h3 h6
28. Kh2 axb4 29. cxb4 Ra8 30. Bb1 Nc4 31. Qe1 Ra3 32. d5 Kf7 33. dxe6+ dxe6 34.
h4 Qf6 35. g4 Ne3 36. gxf5 exf5 37. Qc1 Rc3 38. Qe1 Ra3 39. Qe2 Ng4+ 40. Kg1
Re3 41. Qd1 Re5 42. Qd7+ Kg8 43. Qc8+ Kg7 44. Qd7+ Re7 45. Qd5 Re1+ 46. Rf1
Rxf1+ 47. Kxf1 Ne3+ 0-1

[Event "Landesklasse West 2011/2012"]
[Site "?"]
[Date "2011.01.15"]
[Round "5"]
[White "Lorenz, Erik Roman"]
[Black "Crivellaro, Heiko"]
[Result "1/2-1/2"]
[WhiteElo "1666"]
[BlackElo "1775"]
[PlyCount "115"]
[EventDate "2011.??.??"]
[WhiteTeam "Ilmenauer SV"]
[BlackTeam "SG Barchfeld/Breitungen"]

1. e4 e5 2. Nf3 Nf6 3. Nc3 Nc6 4. Bb5 d6 5. d3 h6 6. Be3 a6 7. Ba4 b5 8. Bb3
Na5 9. O-O Bg4 10. Ne2 Nxb3 11. axb3 Be7 12. Ng3 O-O 13. h3 Bxf3 14. Qxf3 Nh7
15. Nf5 Bf6 16. Qg3 Kh8 17. Rad1 Rg8 18. d4 exd4 19. Bxd4 Bxd4 20. Rxd4 Qf6 21.
c3 Ng5 22. f3 Rge8 23. Rfd1 Kh7 24. R4d2 g6 25. Ne3 Kg7 26. h4 Ne6 27. Nd5 Qe5
28. Qxe5+ dxe5 29. b4 Red8 30. Nxc7 Rxd2 31. Nxe6+ fxe6 32. Rxd2 Kf6 33. Rd6 a5
34. bxa5 Rxa5 35. b4 Ke7 36. Rb6 Ra3 37. Rxb5 Rxc3 38. Rxe5 Kd6 39. f4 Rb3 40.
b5 Rb2 41. Kh2 Rb3 42. g3 Rb4 43. Kh3 Ke7 44. Kg4 Kf6 45. h5 g5 46. Kf3 Rb3+
47. Kg4 Rb4 48. b6 Rxb6 49. Ra5 gxf4 50. e5+ Kf7 51. Ra7+ Kg8 52. gxf4 Rc6 53.
Re7 Ra6 54. Kf3 Ra3+ 55. Ke4 Ra4+ 56. Ke3 Ra3+ 57. Kd4 Ra4+ 58. Ke3 1/2-1/2

[Event "Landesklasse West 2011/2012"]
[Site "?"]
[Date "2011.01.15"]
[Round "5"]
[White "Heß, Wolfgang"]
[Black "Leuner, Klaus"]
[Result "1/2-1/2"]
[WhiteElo "1738"]
[BlackElo "1860"]
[PlyCount "89"]
[EventDate "2011.??.??"]
[WhiteTeam "SG Barchfeld/Breitungen"]
[BlackTeam "Ilmenauer SV"]

1. e4 c5 2. Nf3 d6 3. c3 Nf6 4. Bc4 e6 5. Qe2 Be7 6. d3 O-O 7. O-O Nbd7 8. Bb3
Qc7 9. Re1 a6 10. a4 b6 11. Bc2 Bb7 12. Na3 Rfe8 13. Bf4 e5 14. Bg5 Nf8 15. Bd2
Ne6 16. Bb3 Bf8 17. Ng5 Nxg5 18. Bxg5 Be7 19. Nc2 b5 20. c4 b4 21. Ne3 g6 22.
Rf1 Nh5 23. Bh6 Bf8 24. Bxf8 Nf4 25. Qd2 Rxf8 26. g3 Ne6 27. Bd1 Qe7 28. Re1
Nd4 29. Nd5 Bxd5 30. cxd5 f5 31. f3 h5 32. Qf2 Qg5 33. Qg2 f4 34. g4 Kf7 35.
gxh5 Qxg2+ 36. Kxg2 gxh5 37. Kf2 Rg8 38. Rg1 Rxg1 39. Kxg1 Rg8+ 40. Kf1 h4 41.
b3 h3 42. Ra2 Kf6 43. Rd2 Kg5 44. Rb2 Kh4 45. Rf2 1/2-1/2

[Event "Landesklasse West 2011/2012"]
[Site "?"]
[Date "2011.01.15"]
[Round "5"]
[White "Schenk, Stefan"]
[Black "Abe, Rico"]
[Result "1/2-1/2"]
[WhiteElo "1839"]
[BlackElo "1723"]
[PlyCount "54"]
[EventDate "2011.??.??"]
[WhiteTeam "Ilmenauer SV"]
[BlackTeam "SG Barchfeld/Breitungen"]

1. e4 d6 2. d4 Nf6 3. Nc3 g6 4. Be3 Bg7 5. Qd2 O-O 6. O-O-O Nc6 7. f3 a6 8. g4
b5 9. h4 e5 10. d5 Ne7 11. h5 b4 12. Nce2 a5 13. Ng3 Ba6 14. Bh6 Bxh6 15. Qxh6
Kh8 16. hxg6 fxg6 17. g5 Neg8 18. Qh2 Nh5 19. Nxh5 Qxg5+ 20. Kb1 gxh5 21. Bxa6
Rxa6 22. Qxh5 Qxh5 23. Rxh5 Nf6 24. Rh3 c6 25. dxc6 Rxc6 26. Rh2 Rg8 27. Ne2
Rg7 1/2-1/2

[Event "Landesklasse Ost 2011/2012"]
[Site "?"]
[Date "2011.03.04"]
[Round "7"]
[White "Zeuner, Ulrich"]
[Black "Mysliwiec, Jörg"]
[Result "0-1"]
[WhiteElo "1949"]
[BlackElo "1998"]
[PlyCount "68"]
[EventDate "2011.??.??"]
[WhiteTeam "SV Medizin Erfurt"]
[BlackTeam "SSV Vimaria 91 Weimar"]

1. e4 c6 2. d3 d5 3. Nd2 g6 4. Ngf3 Bg7 5. Be2 Nd7 6. c4 dxe4 7. Nxe4 Ngf6 8.
O-O Nxe4 9. dxe4 O-O 10. Rb1 Nc5 11. Qc2 Nxe4 12. Qxe4 Bf5 13. Qh4 Bxb1 14. Bg5
Bf5 15. Bxe7 Qb6 16. Bxf8 Rxf8 17. b3 Re8 18. Rd1 Qa5 19. Bf1 h6 20. Nd4 Re4
21. Nxf5 Rxh4 22. Nxh4 Bf6 23. Nf3 Qxa2 24. Rd3 Kg7 25. Nd2 c5 26. g4 Bd4 27.
h4 f5 28. gxf5 gxf5 29. Kg2 Qc2 30. Kg3 Qd1 31. Kg2 Qe1 32. Kh3 Qxf2 33. Rg3+
Kf6 34. Rd3 Be3 0-1